Comprehensive Dermatologic Drug Therapy (Record no. 1712)

MARC details
000 -LEADER
fixed length control field 00861cam a22002894a 4500
001 - CONTROL NUMBER
control field 12143859
003 - CONTROL NUMBER IDENTIFIER
control field OSt
005 - DATE AND TIME OF LATEST TRANSACTION
control field 20180928155548.0
008 - FIXED-LENGTH DATA ELEMENTS--GENERAL INFORMATION
fixed length control field 000816s2001 pau b 001 0 eng c
010 ## - LIBRARY OF CONGRESS CONTROL NUMBER
LC control number 00064105
020 ## - INTERNATIONAL STANDARD BOOK NUMBER
International Standard Book Number 0721677282 (alk. paper)
035 ## - SYSTEM CONTROL NUMBER
System control number (DNLM)100962511
040 ## - CATALOGING SOURCE
Original cataloging agency DNLM/DLC
Transcribing agency DLC
Modifying agency DLC
042 ## - AUTHENTICATION CODE
Authentication code pcc
050 00 - LIBRARY OF CONGRESS CALL NUMBER
Classification number RL801
Item number .C66 2001
060 10 - NATIONAL LIBRARY OF MEDICINE CALL NUMBER
Classification number WR 650
Item number C7375 2001
082 00 - DEWEY DECIMAL CLASSIFICATION NUMBER
Classification number WR 650 C73 2001
Edition number 21
100 ## - MAIN ENTRY--PERSONAL NAME
Personal name Editor, Stephen E. Wolverton.
9 (RLIN) 12686
245 00 - TITLE STATEMENT
Title Comprehensive Dermatologic Drug Therapy
260 ## - PUBLICATION, DISTRIBUTION, ETC. (IMPRINT)
Place of publication, distribution, etc. Philadelphia;
Name of publisher, distributor, etc. Saunders,
Date of publication, distribution, etc. c2001.
300 ## - PHYSICAL DESCRIPTION
Extent xix, 954 p. :
Other physical details ill. ;
Dimensions 26 cm.
504 ## - BIBLIOGRAPHY, ETC. NOTE
Bibliography, etc Includes bibliographical references and index.
650 #0 - SUBJECT ADDED ENTRY--TOPICAL TERM
Topical term or geographic name as entry element Dermatopharmacology.
9 (RLIN) 4523
650 12 - SUBJECT ADDED ENTRY--TOPICAL TERM
Topical term or geographic name as entry element Skin Diseases
9 (RLIN) 4524
906 ## - LOCAL DATA ELEMENT F, LDF (RLIN)
a 7
b cbc
c orignew
d 1
e ocip
f 20
g y-gencatlg
942 ## - ADDED ENTRY ELEMENTS (KOHA)
Source of classification or shelving scheme Other/Generic Classification Scheme
Koha item type Short Loan
Holdings
Withdrawn status Lost status Source of classification or shelving scheme Damaged status Not for loan Home library Current library Date acquired Source of acquisition Inventory number Total Checkouts Full call number Barcode Date last seen Price effective from Koha item type
    Other/Generic Classification Scheme     MUST Main Library MUST Main Library 05/05/2015   2004/22517   WR 650 C73 2001 2015-1340 05/05/2015 05/05/2015 Short Loan
    Other/Generic Classification Scheme     MUST Main Library MUST Main Library 05/05/2015   2004/22515   WR 650 C73 2001 2015-1343 05/05/2015 05/05/2015 Short Loan